LEADER 01123nab a2200241 a 4500 001 000000135626 003 CaOOAMICUS 005 20131007172734.0 008 131007s2013 vc tu 0 0eng r 040 $aPUL$bita 245 00$aInterreligious dialogue directory /$cPontifical Council for Interreligious Dialogue. 250 $aThe fourth revised edition. 260 $aCittą del Vaticano :$bPontificio Consiglio per il Dialogo Interreligioso,$c2013. 300 $a176 p.;$c21 cm 710 2 $aPontificio Consiglio per il dialogo interreligioso.$0(OLS)http://pul/name/15634 773 1 $tPro dialogo.$dCittą del Vaticano : Pontificium Consilium pro Dialogo inter Religiones, 1996-$g2011, n.3$w()113643 910 $aSecretariatus pro non Christianis$915634 910 $aSecretariatus pro non Christianis$915634 910 $aPontificium Consilium pro Dialogo inter Religiones.$915634 941 1 $a5 996 $6245$aInterreligious dialogue directory$9(OLS)http://pul/title/171483 996 $6260$aCittą del Vaticano :$bPontificio Consiglio per il Dialogo Interreligioso$9(OLS)http://pul/publisher/82507 LEADER 01143nam a2200301 a 4500 001 000000132740 003 CaOOAMICUS 005 20130208120804.0 008 130208s2006 it ae u000 u ita r 020 $z88-7292-507-X* 040 $aPUL$bita 041 1 $aita$aeng 082 04$a915 245 00$aAlbum della Terrasanta /$ca cura di /edited by Francesco Bandini. 260 $aFirenze :$bAlinari,$c©2006. 300 $a174 p. :$bill., piante ;$c29 cm 500 $aTesto su due colonne. 546 $aTesto italiano e inglese. 651 4$aTerra Santa$xDescrizione e viaggi.$0(OLS)http://pul/subject/10236 700 1 $aBandini, Francesco,$d1935-$0(OLS)http://pul/name/85537 850 $aPUL 852 $aPUL$W1$xDP2 Filosofia 3$y112$m915 BANFR 1$j152681$qDDC 21$B152101$CPULBib$Z2$F152101 $H103089 $82 941 1 $a9 996 $6020$z88-7292-507-X*$9(OLS)http://pul/number/151807 996 $6082$a915$9(OLS)http://pul/classification/2458 996 $6245$aAlbum della Terrasanta$9(OLS)http://pul/title/167717 996 $6260$aFirenze :$bAlinari$9(OLS)http://pul/publisher/58713